00665cam a2200193Ia 4500008004100000020002300041245014000064250001200204260006800216300002800284504004100312650001800353700002300371700002100394700002900415003000100444005001700445040000900462  a0958509778 (pbk. )10aCompendium of key human rights documents of the african unioncCenter for Human Rights; edited by Christof Heyns and Magnus Killander.  a2nd ed. aPretoria, South Africa :bPretoria University Law Press,c2006. aviii, 315 p. ;c30 cm. aIncludes bibliographical references. 0aHuman rights. aKillander, Magnus. aHeyns, Christof.1 aCenter for Human Rights.20230120153122.0 cNUST